Statistics for Countries That Begin With E,U,R,O,P,or E But Are Not In Europe

Click here to take the quiz!

General Stats

  • This quiz has been taken 119 times
    (115 since last reset)
  • The average score is 17 of 22

Answer Stats

Answer% Correct
Ecuador
91%
Oman
90%
Ethiopia
89%
Rwanda
87%
Eritrea
86%
Panama
86%
El Salvador
84%
Uganda
84%
Uruguay
83%
Egypt
82%
Paraguay
82%
East Timor
81%
UAE
80%
Equatorial Guinea
79%
Peru
79%
USA
78%
Uzbekistan
78%
Palau
77%
Pakistan
70%
Philippines
68%
Papua New Guinea
60%
Republic Of The Congo
39%

Score Distribution

Percentile by Number Answered

Percent of People with Each Score

Your Score History

You have not taken this quiz since the last reset